000 00689nam a2200205 a 4500
999 _c1702
_d1702
001 1702
003 BD-JhCC
005 20190725134016.0
008 171023s2008 bg |||| |||| 000 0 ben d
035 _a(BD-JhCC)1702
040 _aBD-JhCC
_dBD-JhCC
041 _aben
082 _a891.4409
_bLAT 2008
100 _aলতিফ, এস এম আবদুল
245 _aসাহিত্য-সংস্কৃতি : সঙ্গ-প্রসঙ্গ /
_cএস. এম. আবদুল লতিফ
260 _aঢাকা :
_bগতিধারা ;
_c২০০৮
300 _a২০৫ পৃ. ;
_c২২ সে.মি.
650 _aBengali Literature
942 _2ddc
_cBK
_01